Changes in the cyclical behavior of interest rates (Record no. 437734)

000 -LEADER
fixed length control field 00375cam a22001217a 4500
008 - FIXED-LENGTH DATA ELEMENTS--GENERAL INFORMATION
fixed length control field 180718b1966 xxu||||| |||| 00| 0 eng d
082 ## - DEWEY DECIMAL CLASSIFICATION NUMBER
Classification number T441x73 C117
100 ## - MAIN ENTRY--PERSONAL NAME
Personal name Cagan, Phillip
245 ## - TITLE STATEMENT
Title Changes in the cyclical behavior of interest rates
Statement of responsibility, etc. by Phillip Cagan
260 ## - PUBLICATION, DISTRIBUTION, ETC.
Place of publication, distribution, etc. New York
Name of publisher, distributor, etc. National Bureau of Economic Research
Date of publication, distribution, etc. 1966
300 ## - PHYSICAL DESCRIPTION
Extent 32p.
650 ## - SUBJECT ADDED ENTRY--TOPICAL TERM
Topical term or geographic name entry element Interest rates
Holdings
Withdrawn status Lost status Damaged status Not for loan Permanent Location Current Location Date acquired Full call number Barcode Date last seen Price effective from Koha item type
        Indian Institute of Public Administration Indian Institute of Public Administration 2010-03-25 T441x73 C117 40519 2018-07-21 2018-07-21 Book

Powered by Koha